教育実習の革新 = Innovation in teaching practice
Gespeichert in:
| 1. Verfasser: | |
|---|---|
| Format: | Buch |
| Sprache: | Undetermined |
| Veröffentlicht: |
Japan
平沼良
1986
|
| Schlagworte: | |
| Tags: |
Tag hinzufügen
Keine Tags, Fügen Sie den ersten Tag hinzu!
|
| Thư viện lưu trữ: | Trung tâm Học liệu Trường Đại học Cần Thơ |
|---|
| LEADER | 00594nam a2200205Ia 4500 | ||
|---|---|---|---|
| 001 | CTU_239094 | ||
| 008 | 210402s9999 xx 000 0 und d | ||
| 082 | |a 370.952 | ||
| 082 | |b I.58 | ||
| 100 | |a Hidano, Tadashi | ||
| 245 | 0 | |a 教育実習の革新 = | |
| 245 | 0 | |b Innovation in teaching practice | |
| 245 | 0 | |c Teacher Education Study Group (教師教育研究会編) | |
| 260 | |a Japan | ||
| 260 | |b 平沼良 | ||
| 260 | |c 1986 | ||
| 650 | |a Giáo dục,Education | ||
| 650 | |z Nhật Bản,Japan | ||
| 910 | |a Tuyến | ||
| 980 | |a Trung tâm Học liệu Trường Đại học Cần Thơ | ||